Medical Latin

Salvato in:
Dettagli Bibliografici
Autore principale: Lewis, Carolyn
Natura: Libro
Lingua:Undetermined
Pubblicazione: Francestown Marshall Jones Company 1948
Soggetti:
Tags: Aggiungi Tag
Nessun Tag, puoi essere il primo ad aggiungerne! !
Thư viện lưu trữ: Trung tâm Học liệu Trường Đại học Cần Thơ
LEADER 00462nam a2200181Ia 4500
001 CTU_76751
008 210402s9999 xx 000 0 und d
082 |a 616.470 
082 |b L673 
100 |a Lewis, Carolyn 
245 0 |a Medical Latin 
245 0 |c Carolyn Lewis 
260 |a Francestown 
260 |b Marshall Jones Company 
260 |c 1948 
650 |a Medicine 
904 |i Trúc,Hải 
980 |a Trung tâm Học liệu Trường Đại học Cần Thơ